000 00554cam a22002291 4500
001 sa 68002406
003 DLC
005 20260227112442.0
008 890505s1967 ii 000 0 hino
010 _asa 68002406
035 _a(OCoLC)19660419
040 _aDLC
_cWaU
_dDLC
042 _apremarc
050 0 0 _aPK2098.42.I5
_bV5
100 1 _aVimala, Gaṅgāprasāda.
245 1 0 _aVijapa.
260 _c[1967]
300 _a128 p.
_c23 cm.
500 _aIn Hindi.
700 1 _aChaturvedi, Jagdish,
_d1933-
700 1 _aParmar, Shyam,
_d1925-
999 _c78691
_d78691